Online
Catalog

Poesía completa / (Record no. 22535)

MARC details
000 -CABECERA
campo de control de longitud fija 00773nam a2200241 a 4500
001 - NÚMERO DE CONTROL
campo de control 000023038
005 - FECHA Y HORA DE LA ÚLTIMA TRANSACCIÓN
campo de control 20200930021939.0
008 - DATOS DE LONGITUD FIJA--INFORMACIÓN GENERAL
campo de control de longitud fija 101124s1986 sp r 000 p spa d
020 ## - NÚMERO INTERNACIONAL ESTÁNDAR DEL LIBRO
Número Internacional Estándar del Libro 8475360114
040 ## - FUENTE DE LA CATALOGACIÓN
Centro catalogador/agencia de origen DO-SdBNP
Lengua de catalogación spa
Centro/agencia transcriptor BNPHU
082 ## - NÚMERO DE LA CLASIFICACIÓN DECIMAL DEWEY
Número de clasificación xxx
Número de documento/Ítem W614
049 ## - FONDOS LOCALES (OCLC)
Fondos de biblioteca BNGR
100 1# - ENTRADA PRINCIPAL--NOMBRE DE PERSONA
Nombre de persona Whitman, Walt,
9 (RLIN) 47403
245 10 - MENCIÓN DE TÍTULO
Título Poesía completa /
Mención de responsabilidad, etc. Walt Whitman; traducción Pablo Mañé.
260 ## - PUBLICACIÓN, DISTRIBUCIÓN, ETC.
Lugar de publicación, distribución, etc. Barcelona :
Nombre del editor, distribuidor, etc. 29,
Fecha de publicación, distribución, etc. 1986.
300 ## - DESCRIPCIÓN FÍSICA
Extensión 4 t. ;
Dimensiones 19 cm.
490 ## - MENCIÓN DE SERIE
Mención de serie Río Nuevo
490 ## - MENCIÓN DE SERIE
Mención de serie Aire Fresco
505 ## - NOTA DE CONTENIDO CON FORMATO
Información miscelánea V.I
Título Dedicatorias a partir de Paumanok. Canto a mi mismo. Hijo de Adan. Canto al electrico cuerpo.
Información miscelánea V.II
Título sdasd
Información miscelánea V.III
Título dasd
Información miscelánea V.IV
Título dada
700 1# - PUNTO DE ACCESO ADICIONAL--NOMBRE DE PERSONA
Nombre de persona Mañé, Pablo
Término indicativo de función/relación tr
9 (RLIN) 47404
830 #0 - PUNTO DE ACCESO ADICIONAL DE SERIE-TÍTULO UNIFORME
Título uniforme Río Nuevo
9 (RLIN) 47405
830 #0 - PUNTO DE ACCESO ADICIONAL DE SERIE-TÍTULO UNIFORME
Título uniforme Aire Fresco
9 (RLIN) 47406
Holdings
Estado de retiro Estado de pérdida Restricciones de uso No para préstamo Código de colección Localización permanente Ubicación/localización actual Ubicación en estantería Fecha de adquisición Número de inventario Total de préstamos Signatura topográfica completa Código de barras Fecha visto por última vez Precio válido a partir de Tipo de ítem Koha
      Excluido de préstamo Monografías: Libros y Folletos General General Depósito 24.11.2010 LF1   v. 1 23038-10 25.06.2020 25.06.2020 No se presta
      Excluido de préstamo Monografías: Libros y Folletos General General Depósito 08.05.2017 LF1   v. 2 23038-20 25.06.2020 25.06.2020 No se presta
        Monografías: Libros y Folletos General General Depósito 08.05.2017 LF1   v. 3 23038-30 25.06.2020 25.06.2020 Préstamo en sala
        Monografías: Libros y Folletos General General Depósito 08.05.2017 LF1   v. 4 23038-40 25.06.2020 25.06.2020 Préstamo en sala

Powered by Koha